241215 - Quiz quotidien du 15 décembre 2024 - spécial "Or" - Statistiques

Statistiques générales
  • Ce quiz a été pris 21 fois
  • Le résultat moyen est 4 sur 10
Statistiques - réponses
Question Réponse % Correct
Qui chantait la chanson "The Ecstasy of Gold" utilisée dans le film de 1966 *Le Bon, la Brute et le Truand* ? Ennio Morricone
67%
Le Ballon d'Or est décerné au meilleur joueur de football international de l'année. Qui a remporté ce prix un record de 8 fois ? Lionel Messi
67%
Qui détient le record du plus grand nombre de médailles d'or olympiques remportées ? Michael Phelps
67%
Le "Siècle d'or" de quel pays a duré de 1588 à 1672 environ ? Pays-Bas
67%
Quel fort est directement adjacent au dépôt de lingots des États-Unis ? Fort Knox
33%
Qui est la fille de l'actrice Goldie Hawn ? Kate Hudson
33%
Laquelle de ces villes n'a PAS connu de boom démographique dû à une ruée vers l'or ? La Havane
33%
Dans la Bible, qui est descendu de la montagne pour découvrir que les Israélites adoraient un veau d'or en son absence ? Moïse
33%
Parmi les éléments métalliques, lequel est le plus malléable ? Or
33%
Où se trouvent Gold Beach ainsi que Juno, Omaha, Sword et Utah Beaches ? Normandie
0%
Aucun quiz correspondant
Distribution des résultats
% des personnes avec chaque résultat
Percentile par nombre de réponses
Votre historique - résultats
Vous n’avez pas pris ce quiz